[Event "XX C.to Mondiale Seniores"]
[Site "Arco ITA"]
[Date "2010.10.27"]
[Round "2"]
[White "Malmdin, Nils Ake"]
[Black "Candea, Gheorghe"]
[WhiteElo "2300"]
[BlackElo "2142"]
[Result "1-0"]
[PlyCount "77"]
[EventDate "2010.10.26"]

1. d4 Nf6 2. Nc3 d5 3. Bg5 e6 4. e4 dxe4 5. Nxe4 Be7 6. Bxf6 Bxf6 7. Nf3 Nd7 8.
Bd3 Be7 9. Qe2 c6 10. h4 Qa5+ 11. c3 Qh5 12. O-O-O Nf6 13. Kb1 Nxe4 14. Bxe4
Bd7 15. g4 Qa5 16. Ne5 Qc7 17. g5 Bd6 18. Nd3 O-O-O 19. c4 f6 20. gxf6 gxf6 21.
Rhg1 f5 22. Bf3 Rdg8 23. h5 Bh2 24. Rh1 Bf4 25. Rhg1 Bh2 26. Rge1 Re8 27. Ne5
Re7 28. Nxd7 Qxd7 29. d5 cxd5 30. cxd5 e5 31. d6 Ree8 32. Rc1+ Kd8 33. Rc7 Qxd6
34. Rxb7 e4 35. Rd1 exf3 36. Rxd6+ Bxd6 37. Qxf3 Re1+ 38. Kc2 Rhe8 39. Qc6 1-0

[Event "XX C.to Mondiale Seniores"]
[Site "Arco ITA"]
[Date "2010.10.27"]
[Round "2"]
[White "Micheli, Carlo"]
[Black "Laco, Giuseppe"]
[WhiteElo "2263"]
[BlackElo "2126"]
[Result "1-0"]
[PlyCount "73"]
[EventDate "2010.10.26"]

1. e4 c5 2. Nf3 Nc6 3. c3 d5 4. exd5 Qxd5 5. d4 e5 6. Nxe5 Nxe5 7. dxe5 Qxe5+
8. Be3 Bd7 9. Nd2 Rd8 10. Be2 f5 11. Qc1 Bc6 12. Nc4 Qd5 13. f3 b6 14. O-O Be7
15. Bf4 Kf8 16. Qe3 Bd7 17. Ne5 Be8 18. Bc4 Qb7 19. Be6 h6 20. Bxf5 g5 21. Bg3
Nf6 22. Rfd1 Rxd1+ 23. Rxd1 Kg7 24. Nc4 Bf7 25. Be6 Bg6 26. Be5 Rd8 27. Rxd8
Bxd8 28. h4 gxh4 29. Bf4 h5 30. Bg5 Qe7 31. Qe5 b5 32. Ne3 c4 33. Nd5 Qc5+ 34.
Kh1 Qf2 35. Nxf6 Qf1+ 36. Kh2 Bb6 37. Nxh5+ 1-0

[Event "XX C.to Mondiale Seniores"]
[Site "Arco ITA"]
[Date "2010.10.27"]
[Round "2"]
[White "Nordby, Bernt"]
[Black "Plachetka, Jan"]
[WhiteElo "2145"]
[BlackElo "2345"]
[Result "0-1"]
[PlyCount "82"]
[EventDate "2010.10.26"]

1. d4 Nf6 2. Nf3 g6 3. c4 Bg7 4. Nc3 d5 5. cxd5 Nxd5 6. Bd2 O-O 7. e4 Nb6 8.
Be3 Bg4 9. Be2 Nc6 10. d5 Bxf3 11. gxf3 Na5 12. Bd4 Qd6 13. Bxg7 Kxg7 14. Rc1
c6 15. dxc6 Qxd1+ 16. Rxd1 Nxc6 17. Bb5 Rac8 18. Ke2 e5 19. Bxc6 Rxc6 20. Rd3
Rfc8 21. Rhd1 Nc4 22. Rb1 Nxb2 23. Rxb2 Rxc3 24. Rxb7 Rc2+ 25. Rd2 R8c3 26. Rb3
h5 27. Rb2 Rxb2 28. Rxb2 Ra3 29. Kf1 Rxf3 30. Rb5 Ra3 31. Rxe5 Rxa2 32. h4 a5
33. Kg2 a4 34. Ra5 a3 35. e5 g5 36. hxg5 Kg6 37. Kg3 Ra1 38. Kf4 h4 39. Ra6+
Kg7 40. Kf5 h3 41. g6 h2 0-1

[Event "XX C.to Mondiale Seniores"]
[Site "Arco ITA"]
[Date "2010.10.27"]
[Round "2"]
[White "Ozbilen, Mehdi Hayri"]
[Black "Wahlbom, Magnus"]
[WhiteElo "2114"]
[BlackElo "2282"]
[Result "1/2-1/2"]
[PlyCount "52"]
[EventDate "2010.10.26"]

1. e4 e6 2. d4 d5 3. Nd2 Nf6 4. e5 Nfd7 5. Bd3 c5 6. c3 Nc6 7. Ne2 cxd4 8. cxd4
f6 9. exf6 Qxf6 10. Nf3 Bd6 11. Bg5 Qf7 12. Be3 h6 13. Nh4 Ne7 14. Qc2 O-O 15.
f4 Nf5 16. Bxf5 exf5 17. Nf3 Nf6 18. Ne5 Qe8 19. Qb3 Kh7 20. O-O b6 21. Nc3 Be6
22. Nb5 Bb8 23. Rac1 Ng4 24. Nc7 Bxc7 25. Rxc7 Nxe5 26. fxe5 Rf7 1/2-1/2

[Event "XX C.to Mondiale Seniores"]
[Site "Arco ITA"]
[Date "2010.10.27"]
[Round "2"]
[White "Papa, Angelo"]
[Black "Zhelesny, Stanislav"]
[WhiteElo "1823"]
[BlackElo "2194"]
[Result "0-1"]
[PlyCount "50"]
[EventDate "2010.10.26"]

1. d4 Nf6 2. Nf3 g6 3. Nc3 d5 4. Bf4 Bg7 5. e3 O-O 6. Be2 c6 7. Ne5 Nbd7 8. h4
h5 9. Qd2 Nxe5 10. Bxe5 b5 11. f3 a5 12. g4 b4 13. Na4 hxg4 14. fxg4 Ne4 15.
Qd1 Bxe5 16. dxe5 Qc7 17. Qd4 c5 18. Nxc5 Qxc5 19. Qxc5 Nxc5 20. O-O-O Bb7 21.
Rhg1 Kg7 22. g5 Rh8 23. Rd4 Ne4 24. h5 gxh5 25. g6 fxg6 0-1

[Event "XX C.to Mondiale Seniores"]
[Site "Arco ITA"]
[Date "2010.10.27"]
[Round "2"]
[White "Quagliarella, Sabino Remo"]
[Black "Butnorius, Algimantas"]
[WhiteElo "1937"]
[BlackElo "2439"]
[Result "0-1"]
[PlyCount "68"]
[EventDate "2010.10.26"]

1. d4 Nf6 2. Nf3 e6 3. Bg5 Be7 4. e3 c5 5. Be2 Qb6 6. b3 Nc6 7. O-O h6 8. Bf4
O-O 9. Nbd2 d5 10. dxc5 Bxc5 11. c4 Rd8 12. Qb1 Bd7 13. Ne5 Be8 14. Nd3 Be7 15.
Rd1 Ne4 16. Nxe4 dxe4 17. c5 Qa6 18. Bd6 exd3 19. Bxd3 Qa3 20. Bxe7 Nxe7 21.
Qc2 Rac8 22. Rac1 b6 23. Bh7+ Kf8 24. Rxd8 Rxd8 25. Be4 bxc5 26. h3 c4 27. bxc4
Ba4 28. Qb1 Qxc1+ 29. Qxc1 Rd1+ 30. Qxd1 Bxd1 31. Kf1 Ke8 32. Ke1 Ba4 33. f3
Kd7 34. Kd2 Kd6 0-1

[Event "XX C.to Mondiale Seniores"]
[Site "Arco ITA"]
[Date "2010.10.27"]
[Round "2"]
[White "Rubinstein, Mark"]
[Black "Vanzan, Alessandro"]
[WhiteElo "2010"]
[BlackElo "1751"]
[Result "1-0"]
[PlyCount "91"]
[EventDate "2010.10.26"]

1. c4 Nf6 2. Nc3 g6 3. e4 d6 4. d4 Nc6 5. d5 Ne5 6. h3 Bg7 7. f4 Ned7 8. Bd3
O-O 9. Nf3 Nc5 10. Bc2 e6 11. O-O b6 12. Rb1 Ba6 13. Nd2 Rb8 14. b4 Ncd7 15.
Qf3 Qe7 16. b5 Bb7 17. Nb3 a5 18. a4 Rfd8 19. Ne2 exd5 20. exd5 Re8 21. Ned4
Nc5 22. Nxc5 dxc5 23. Nc6 Bxc6 24. bxc6 Qe2 25. Qd3 Nh5 26. Bb2 Qxd3 27. Bxd3
Re3 28. Bxg7 Kxg7 29. Rbd1 Rd8 30. Kh2 Nf6 31. g4 Ne4 32. Rfe1 Nf2 33. Rxe3
Nxd1 34. Re7 Rc8 35. g5 Nb2 36. Be2 Nxa4 37. Bg4 Kf8 38. Rxf7+ Kxf7 39. Bxc8
Ke7 40. f5 Nb2 41. f6+ Kd8 42. d6 cxd6 43. c7+ Kxc8 44. f7 Kxc7 45. f8=Q Nd3
46. Qe7+ 1-0

[Event "XX C.to Mondiale Seniores"]
[Site "Arco ITA"]
[Date "2010.10.27"]
[Round "2"]
[White "Schwertel, Johann"]
[Black "Galas, Franco"]
[WhiteElo "2027"]
[BlackElo "1794"]
[Result "1-0"]
[PlyCount "71"]
[EventDate "2010.10.26"]

1. d4 f5 2. g3 Nf6 3. Bg2 g6 4. Nf3 Bg7 5. c3 O-O 6. h4 Nh5 7. Ng5 d5 8. Bf3
Nf6 9. e3 Ne4 10. Nh3 Be6 11. Nf4 Bf7 12. Nd2 c6 13. h5 e5 14. hxg6 Bxg6 15.
dxe5 Qe7 16. Qb3 Bxe5 17. Nxg6 hxg6 18. Bxe4 fxe4 19. Nxe4 Qf7 20. f4 dxe4 21.
Qxf7+ Rxf7 22. fxe5 Rf3 23. Rh4 Na6 24. Bd2 Nc5 25. O-O-O Nd3+ 26. Kc2 Nxe5 27.
Rxe4 Nf7 28. Be1 Nh6 29. g4 Raf8 30. Re6 Kg7 31. Rdd6 Ng8 32. c4 R8f7 33. Bc3+
Kh7 34. g5 a6 35. Re8 Rf8 36. Rd7+ 1-0

[Event "XX C.to Mondiale Seniores"]
[Site "Arco ITA"]
[Date "2010.10.27"]
[Round "2"]
[White "Shvedchikov, Anatoli I."]
[Black "Nordstrom, Felix"]
[WhiteElo "2421"]
[BlackElo "2184"]
[Result "1/2-1/2"]
[PlyCount "79"]
[EventDate "2010.10.26"]

1. Nf3 d5 2. d4 Nf6 3. e3 Bf5 4. c4 c6 5. Nc3 e6 6. Nh4 Bg6 7. Nxg6 hxg6 8. Be2
Nbd7 9. g3 Be7 10. Qc2 Qc7 11. Bd2 O-O 12. O-O Rac8 13. Rac1 Qb8 14. Rfd1 dxc4
15. Bxc4 c5 16. dxc5 Bxc5 17. Be2 Rfd8 18. Be1 Be7 19. Bf3 Ne5 20. Bg2 b5 21.
Rxd8+ Rxd8 22. Rd1 Rc8 23. Qb3 a6 24. Ne2 Nc4 25. Nd4 Qb6 26. Bc3 Ne8 27. Qc2
Ned6 28. Qe2 b4 29. Be1 a5 30. Rc1 Bf6 31. Rd1 Nf5 32. Nxf5 gxf5 33. Rc1 Nd6
34. Rxc8+ Nxc8 35. Qc2 Nd6 36. Bf3 g6 37. Bd2 Qb5 38. Bc1 Kg7 39. a4 Qc4 40. b3
1/2-1/2

[Event "XX C.to Mondiale Seniores"]
[Site "Arco ITA"]
[Date "2010.10.27"]
[Round "2"]
[White "Trois, Francisco R.T."]
[Black "Cao, Jorge"]
[WhiteElo "2309"]
[BlackElo "2144"]
[Result "1-0"]
[PlyCount "22"]
[EventDate "2010.10.26"]

1. c4 Nf6 2. Nf3 g6 3. Nc3 Bg7 4. d4 c5 5. d5 d6 6. Bg5 O-O 7. Qd2 Na6 8. e4
Nc7 9. Be2 Rb8 10. O-O a6 11. a4 b6 1-0

[Event "XX C.to Mondiale Seniores"]
[Site "Arco ITA"]
[Date "2010.10.27"]
[Round "2"]
[White "Van Den Berg, Adrianus M.J."]
[Black "Tseshkovsky, Vitaly V."]
[WhiteElo "2202"]
[BlackElo "2564"]
[Result "0-1"]
[PlyCount "116"]
[EventDate "2010.10.26"]

1. d4 f5 2. c4 g6 3. Nc3 Nf6 4. f3 d6 5. e4 c6 6. Bg5 Bg7 7. h4 fxe4 8. fxe4
Bg4 9. Be2 Bxe2 10. Ngxe2 Qa5 11. Qd3 Nbd7 12. O-O-O O-O-O 13. Kb1 c5 14. Bd2
Qb6 15. Nf4 cxd4 16. Ncd5 Nxd5 17. Nxd5 Qa6 18. Nb4 Qb6 19. Nd5 Qa6 20. Nb4 Qa4
21. b3 Qa3 22. Nd5 e6 23. Bc1 Qa6 24. Nf4 Rde8 25. Qh3 Qc6 26. Rhe1 e5 27. Nd5
Kb8 28. b4 Nb6 29. Nxb6 Qxb6 30. Qb3 Rhf8 31. Rf1 Qc6 32. Qd3 Rc8 33. Rxf8 Rxf8
34. b5 Qd7 35. h5 gxh5 36. Ba3 b6 37. Rh1 Kc7 38. Rxh5 Qg4 39. Rxh7 Qxg2 40.
Bc1 Rh8 41. Rxh8 Bxh8 42. Qc2 Qf3 43. Kb2 Bf6 44. Bd2 Be7 45. Qa4 Kb8 46. Qb3
Qxe4 47. c5 Qg2 48. Kc1 d5 49. cxb6 axb6 50. Qd3 Bg5 51. Bxg5 Qxg5+ 52. Kb2
Qg2+ 53. Ka3 Qe4 54. Qf1 Qe3+ 55. Ka4 Qf4 56. Qd3 Qf2 57. Qb3 Qd2 58. Qxd5 Qc2+
0-1

[Event "XX C.to Mondiale Seniores"]
[Site "Arco ITA"]
[Date "2010.10.27"]
[Round "2"]
[White "Villing, Dieter"]
[Black "Pushkov, Nikolai"]
[WhiteElo "2189"]
[BlackElo "2466"]
[Result "0-1"]
[PlyCount "90"]
[EventDate "2010.10.26"]

1. d4 d5 2. Nc3 Nf6 3. Bg5 e6 4. Bxf6 gxf6 5. e4 dxe4 6. Nxe4 f5 7. Nc3 Bg7 8.
Nf3 c5 9. Bb5+ Bd7 10. Bxd7+ Nxd7 11. O-O cxd4 12. Nb5 O-O 13. Nbxd4 Nc5 14. c3
Qd5 15. Qe2 a6 16. Rfd1 Qe4 17. Qf1 Rfd8 18. Nd2 Qd3 19. Nc4 Qxf1+ 20. Kxf1 Na4
21. Rab1 Rac8 22. Na5 Bxd4 23. cxd4 b6 24. Nb3 Rc2 25. d5 Nxb2 26. Rd2 Rxd2 27.
Nxd2 Na4 28. dxe6 fxe6 29. Nf3 Kf7 30. Ne5+ Kf6 31. f4 Rd4 32. g3 Rd2 33. Rb3
b5 34. h3 h5 35. Rd3 Rxd3 36. Nxd3 Nc3 37. Nc5 Nxa2 38. Nxa6 e5 39. fxe5+ Kxe5
40. Ke2 Nc3+ 41. Kf3 Ne4 42. Nb4 Ng5+ 43. Kg2 Ke4 44. Nc6 Ne6 45. Kf2 Nc5 0-1

[Event "XX C.to Mondiale Seniores"]
[Site "Arco ITA"]
[Date "2010.10.27"]
[Round "2"]
[White "Vogel, Jaap"]
[Black "Vaisser, Anatoly V."]
[WhiteElo "2197"]
[BlackElo "2507"]
[Result "0-1"]
[PlyCount "108"]
[EventDate "2010.10.26"]

1. Nf3 Nf6 2. g3 b5 3. Bg2 Bb7 4. b3 e5 5. Bb2 e4 6. Ng5 h6 7. Nh3 d5 8. O-O
Nbd7 9. c4 bxc4 10. bxc4 dxc4 11. Qc2 Bc5 12. Na3 O-O 13. Nxc4 Qe7 14. Rac1
Rab8 15. Na5 Ba8 16. Bxf6 Qxf6 17. Nb3 Ba3 18. Rb1 Qe5 19. Nf4 Nf6 20. d4 Qe7
21. e3 Rb6 22. Na5 g5 23. Ne2 Ra6 24. Nc4 Bd5 25. Ne5 Bb4 26. a4 c5 27. Nc3
Bxc3 28. Qxc3 cxd4 29. Qxd4 Qe6 30. Rb4 Rc8 31. Rfb1 Ba2 32. Ra1 Rd6 33. Qb2
Bd5 34. Bf1 a5 35. Rb8 Rxb8 36. Qxb8+ Kg7 37. Nc4 Rc6 38. Nxa5 Rc2 39. Qb1 Qc8
40. Nb3 Qc3 41. Nd4 Rxf2 42. Qe1 Qxe1 43. Rxe1 Ra2 44. Bb5 Ng4 45. Re2 Ra1+ 46.
Kg2 Ne5 47. Nf5+ Kf6 48. Nxh6 Be6 49. h3 Kg6 50. Ng8 f5 51. Ne7+ Kf6 52. Nc6
Nf3 53. Nd4 Nxd4 54. exd4 Bd5 0-1

[Event "XX C.to Mondiale Seniores"]
[Site "Arco ITA"]
[Date "2010.10.27"]
[Round "2"]
[White "Welz, Peter"]
[Black "Kaufman, Larry C."]
[WhiteElo "2156"]
[BlackElo "2413"]
[Result "0-1"]
[PlyCount "36"]
[EventDate "2010.10.26"]

1. e4 c6 2. d4 d5 3. e5 Bf5 4. c4 e6 5. Nc3 Ne7 6. c5 b6 7. b4 a5 8. Na4 Nd7 9.
cxb6 axb4 10. Bd2 Nxb6 11. Nc5 Nec8 12. Qc1 Nd7 13. Nf3 Bxc5 14. dxc5 Be4 15.
Bxb4 Bxf3 16. gxf3 Nxe5 17. Qe3 Qf6 18. O-O-O Ng4 0-1

[Event "XX C.to Mondiale Seniores"]
[Site "Arco ITA"]
[Date "2010.10.27"]
[Round "2"]
[White "Westerinen, Heikki M.J."]
[Black "Radomsky, Viacheslav G."]
[WhiteElo "2365"]
[BlackElo "2166"]
[Result "1/2-1/2"]
[PlyCount "40"]
[EventDate "2010.10.26"]

1. e4 c5 2. Nf3 d6 3. c3 Nf6 4. h3 Nc6 5. Bd3 e5 6. O-O Be7 7. Re1 O-O 8. Bc2
Qc7 9. Na3 a6 10. d4 b5 11. d5 Na5 12. Bd2 c4 13. Qe2 Bd7 14. Rec1 Rfc8 15. Be3
Nb7 16. Nb1 a5 17. b3 cxb3 18. axb3 Nc5 19. Nbd2 Qb7 20. Ne1 b4 1/2-1/2

[Event "XX C.to Mondiale Seniores"]
[Site "Arco ITA"]
[Date "2010.10.28"]
[Round "3"]
[White "Aijala, Jouko"]
[Black "Chehlov, Aleksander"]
[WhiteElo "2157"]
[BlackElo "2259"]
[Result "0-1"]
[PlyCount "121"]
[EventDate "2010.10.26"]

1. d4 Nf6 2. c4 e6 3. Nf3 b6 4. Nc3 Bb7 5. Bg5 Be7 6. e3 Ne4 7. Nxe4 Bxe4 8.
Bxe7 Qxe7 9. Nd2 Bb7 10. f3 c5 11. dxc5 bxc5 12. Bd3 Nc6 13. O-O O-O 14. a3 a5
15. Ne4 d5 16. Nf2 h6 17. cxd5 exd5 18. e4 Nd4 19. Re1 Qd7 20. exd5 Bxd5 21.
Be4 Bb3 22. Qd3 Rad8 23. Qc3 Qa7 24. Rac1 c4 25. Qe3 Qd7 26. Kh1 Rfe8 27. Qd2
Qa7 28. Qf4 Qb8 29. Qxb8 Rxb8 30. Nd1 Kf8 31. Ne3 Ne6 32. Re2 Nf4 33. Rd2 g6
34. g3 Nd3 35. Bxd3 Rxe3 36. Bxc4 Rc8 37. Rd4 Rxf3 38. Kg2 Re3 39. Kf2 Re5 40.
Rc3 Rf5+ 41. Kg1 Bxc4 42. Rcxc4 Rb8 43. Rc2 Rb3 44. Rd7 h5 45. Kg2 Kg7 46. Rdd2
Rfb5 47. Kf2 f5 48. Kf1 Kh6 49. Ke1 Kg5 50. Kd1 h4 51. gxh4+ Kxh4 52. Kc1 g5
53. Rc8 f4 54. Rf8 Kg4 55. Rc8 Re3 56. Kc2 Rbe5 57. Rdd8 Re2+ 58. Rd2 f3 59. b4
axb4 60. axb4 R5e3 61. Kd1 0-1

[Event "XX C.to Mondiale Seniores"]
[Site "Arco ITA"]
[Date "2010.10.28"]
[Round "3"]
[White "Baeta, Marcio Netto"]
[Black "Ozbilen, Mehdi Hayri"]
[WhiteElo "2221"]
[BlackElo "2114"]
[Result "0-1"]
[PlyCount "82"]
[EventDate "2010.10.26"]

1. e4 c5 2. d4 cxd4 3. Nf3 d6 4. Nxd4 Nf6 5. Nc3 Nc6 6. Bc4 e6 7. Bb3 Be7 8.
Be3 O-O 9. f4 Qa5 10. Qd2 Qh5 11. Nde2 Na5 12. O-O-O Ng4 13. Bg1 Nxb3+ 14. axb3
Qa5 15. Kb1 Kh8 16. h3 Nf6 17. g4 Bd7 18. e5 Ne8 19. Bd4 Bc6 20. Rh2 dxe5 21.
Bxe5 Rd8 22. Qe1 Rxd1+ 23. Qxd1 f6 24. Bd4 e5 25. Be3 Bf3 26. Qd7 Bc5 27. Bd2
Qc7 28. Qd3 Qc6 29. Na4 Bd6 30. Rf2 e4 31. Qe3 Bxe2 32. Rxe2 f5 33. gxf5 b5 34.
Nc3 Nf6 35. Qxa7 Bc5 36. Qa5 e3 37. Bc1 Rb8 38. Nd1 Nd5 39. Bxe3 Ra8 40. Qd2
Nb4 41. Bxc5 Ra1+ 0-1

[Event "XX C.to Mondiale Seniores"]
[Site "Arco ITA"]
[Date "2010.10.28"]
[Round "3"]
[White "Barlocco, Carlo"]
[Black "Westerinen, Heikki M.J."]
[WhiteElo "2175"]
[BlackElo "2365"]
[Result "0-1"]
[PlyCount "56"]
[EventDate "2010.10.26"]

1. c4 g6 2. Nc3 Bg7 3. g3 Nf6 4. Bg2 O-O 5. e3 c6 6. Nge2 d5 7. cxd5 cxd5 8.
Qb3 e6 9. O-O Nc6 10. d4 Na5 11. Qc2 Bd7 12. b3 Qe7 13. Bd2 Rfc8 14. Qb2 Nc6
15. Rfc1 Nb4 16. Qb1 e5 17. dxe5 Qxe5 18. Nd4 Nc6 19. Nxc6 bxc6 20. f3 d4 21.
f4 Qh5 22. exd4 Ng4 23. Qd3 Bf5 24. Ne4 Qxh2+ 25. Kf1 Re8 26. Re1 Rad8 27. Bc3
c5 28. d5 Bxc3 0-1

[Event "XX C.to Mondiale Seniores"]
[Site "Arco ITA"]
[Date "2010.10.28"]
[Round "3"]
[White "Bue, Gunnar"]
[Black "Gierse, Heinz-Dieter"]
[WhiteElo "1820"]
[BlackElo "2127"]
[Result "0-1"]
[PlyCount "92"]
[EventDate "2010.10.26"]

1. d4 Nf6 2. c4 g6 3. Nc3 Bg7 4. e4 d6 5. f3 O-O 6. Be3 c5 7. d5 e6 8. Qd2 a6
9. Bh6 Nxe4 10. Nxe4 Qh4+ 11. g3 Qxh6 12. Qxh6 Bxh6 13. Nxd6 exd5 14. cxd5 Nd7
15. f4 Nb6 16. Bg2 Rd8 17. Nxc8 Raxc8 18. O-O-O Nc4 19. Bf3 Bg7 20. b3 Nd6 21.
Ne2 b5 22. Kb1 a5 23. Rc1 b4 24. Rhd1 Nb5 25. a4 bxa3 26. Ka2 Bb2 27. Rc4 Nd6
28. Ra4 Ra8 29. Nc1 Nb5 30. Ne2 Re8 31. Rc4 Rac8 32. d6 Red8 33. Bb7 Rb8 34.
Bf3 Nxd6 35. Rxc5 Nf5 36. Rcd5 Rxd5 37. Rxd5 Ne3 38. Rd3 Nc2 39. Rd2 Nb4+ 40.
Kb1 Bg7 41. Nc1 Bc3 42. Re2 Rd8 43. Rg2 Kg7 44. Na2 Bb2 45. Nxb4 axb4 46. h3
Rd3 0-1

[Event "XX C.to Mondiale Seniores"]
[Site "Arco ITA"]
[Date "2010.10.28"]
[Round "3"]
[White "Candea, Gheorghe"]
[Black "Rotelli, Pietro"]
[WhiteElo "2142"]
[BlackElo "1959"]
[Result "1-0"]
[PlyCount "69"]
[EventDate "2010.10.26"]

1. e4 c6 2. d4 d5 3. e5 c5 4. c3 Bf5 5. Bd3 Bxd3 6. Qxd3 e6 7. Nf3 Nc6 8. O-O
cxd4 9. cxd4 Nge7 10. Be3 Nf5 11. Nc3 Be7 12. Rac1 O-O 13. a3 a6 14. Rc2 Rc8
15. Rfc1 Nxe3 16. fxe3 f5 17. exf6 Rxf6 18. e4 Rxf3 19. gxf3 Nxd4 20. Nxd5 Nxc2
21. Nxe7+ Qxe7 22. Rxc2 Rxc2 23. Qxc2 Qd7 24. Qc3 Kf7 25. Kf2 Qc6 26. Qxc6 bxc6
27. Ke3 e5 28. Kd3 Ke6 29. Kc4 Kd6 30. Kb4 Kc7 31. Kc5 a5 32. b4 axb4 33. Kxb4
g5 34. Kc5 h5 35. h3 1-0

[Event "XX C.to Mondiale Seniores"]
[Site "Arco ITA"]
[Date "2010.10.28"]
[Round "3"]
[White "De Laubadere, Philippe"]
[Black "Welz, Peter"]
[WhiteElo "1967"]
[BlackElo "2156"]
[Result "0-1"]
[PlyCount "76"]
[EventDate "2010.10.26"]

1. d4 f5 2. Nf3 Nf6 3. g3 g6 4. Bg2 Bg7 5. O-O O-O 6. c4 d6 7. Nc3 Nc6 8. d5
Ne5 9. Nxe5 dxe5 10. b3 h6 11. Ba3 g5 12. e3 e4 13. Rc1 a6 14. Ne2 Re8 15. Nd4
e6 16. dxe6 Bxe6 17. Nxe6 Rxe6 18. Qxd8+ Rxd8 19. Rfd1 Ree8 20. Bf1 Ng4 21. Rd5
Ne5 22. Rcd1 Bf6 23. Rxd8 Rxd8 24. Rxd8+ Bxd8 25. Be2 g4 26. Bb2 Nf3+ 27. Bxf3
gxf3 28. h3 Kf7 29. Be5 c6 30. Kf1 Ba5 31. Bd4 b5 32. Be5 Ke6 33. Bd4 Bb4 34.
cxb5 axb5 35. g4 fxg4 36. hxg4 c5 37. Bb2 c4 38. a3 Bd2 0-1

[Event "XX C.to Mondiale Seniores"]
[Site "Arco ITA"]
[Date "2010.10.28"]
[Round "3"]
[White "De Nisi, Giuseppe"]
[Black "Jones, Brian"]
[WhiteElo "1816"]
[BlackElo "2079"]
[Result "0-1"]
[PlyCount "57"]
[EventDate "2010.10.26"]

1. d4 d6 2. c4 Nf6 3. Nc3 g6 4. e4 Bg7 5. Bg5 Nbd7 6. Qd2 h6 7. Bh4 c5 8. d5 a6
9. f4 Rb8 10. Nf3 Qc7 11. Bd3 b5 12. cxb5 c4 13. Bc2 axb5 14. O-O b4 15. Ne2
Ba6 16. Rfc1 Ng4 17. h3 Qc5+ 18. Nfd4 c3 19. bxc3 bxc3 20. Qxc3 Qxc3 21. Nxc3
Bxd4+ 22. Kh1 Bxc3 23. Rab1 Rxb1 24. Rxb1 Ne3 25. Ba4 Kd8 26. Rb3 Bd4 27. Bf2
Nc5 28. Rb8+ Kc7 29. Rb4 0-1

[Event "XX C.to Mondiale Seniores"]
[Site "Arco ITA"]
[Date "2010.10.28"]
[Round "3"]
[White "Farago, Ivan"]
[Black "Gruzmann, Boris"]
[WhiteElo "2420"]
[BlackElo "2236"]
[Result "1-0"]
[PlyCount "66"]
[EventDate "2010.10.26"]

1. d4 Nf6 2. c4 d6 3. Nc3 Bf5 4. Nf3 g6 5. Qb3 Qc8 6. h3 Bg7 7. g4 Bd7 8. e4
O-O 9. Be3 e5 10. d5 a5 11. Nd2 Na6 12. Be2 h6 13. a3 Nc5 14. Qc2 Kh7 15. O-O-O
Ng8 16. Kb1 a4 17. f3 Bf6 18. Rdf1 Qd8 19. Rh2 Qe7 20. Bd1 Kg7 21. Re2 Bg5 22.
f4 Bxf4 23. Bxf4 exf4 24. Rxf4 Qe5 25. Rf1 Qd4 26. e5 dxe5 27. Nf3 Qd3 28. Nxe5
Qxc2+ 29. Bxc2 Be8 30. Nd3 Bd7 31. Ref2 b6 32. d6 f6 33. Rd1 cxd6 1-0

[Event "XX C.to Mondiale Seniores"]
[Site "Arco ITA"]
[Date "2010.10.28"]
[Round "3"]
[White "Filipenko, Alexander V."]
[Black "Biller, Helmut"]
[WhiteElo "2327"]
[BlackElo "2135"]
[Result "1-0"]
[PlyCount "37"]
[EventDate "2010.10.26"]

1. e4 e6 2. d4 d5 3. Nc3 Bb4 4. e5 c5 5. a3 Bxc3+ 6. bxc3 Qc7 7. Qg4 f5 8. Qg3
cxd4 9. cxd4 Ne7 10. Kd1 O-O 11. Bh6 Ng6 12. Bd2 Nc6 13. Nf3 Bd7 14. h4 Rfc8
15. Bd3 Nf8 16. h5 a5 17. Qh4 Na7 18. h6 g6 19. Bxa5 1-0

[Event "XX C.to Mondiale Seniores"]
[Site "Arco ITA"]
[Date "2010.10.28"]
[Round "3"]
[White "Huss, Benjamin"]
[Black "Danner, Georg"]
[WhiteElo "2178"]
[BlackElo "2422"]
[Result "1/2-1/2"]
[PlyCount "27"]
[EventDate "2010.10.26"]

1. e4 c5 2. Nf3 Nc6 3. d3 g6 4. g3 Bg7 5. Bg2 d6 6. Nc3 b6 7. O-O Bb7 8. Nh4 e6
9. f4 Nge7 10. f5 Ng8 11. fxe6 fxe6 12. Qg4 Qd7 13. Bh3 Nf6 14. Qxe6+ 1/2-1/2

[Event "XX C.to Mondiale Seniores"]
[Site "Arco ITA"]
[Date "2010.10.28"]
[Round "3"]
[White "Karl, Hans"]
[Black "Ponelis, Albert A."]
[WhiteElo "2211"]
[BlackElo "1947"]
[Result "1-0"]
[PlyCount "75"]
[EventDate "2010.10.26"]

1. d4 d5 2. c4 e6 3. Nf3 c5 4. cxd5 exd5 5. g3 Nc6 6. Bg2 Nf6 7. O-O Be7 8. Nc3
O-O 9. Bg5 cxd4 10. Nxd4 h6 11. Bf4 Bg4 12. h3 Be6 13. Qd3 Qd7 14. Nxe6 fxe6
15. Rad1 Rad8 16. a3 Nh5 17. Bc1 Bd6 18. Nxd5 Ne5 19. Qb3 exd5 20. Qxd5+ Kh8
21. Qxb7 Qxb7 22. Bxb7 Nc4 23. Rd4 Nb6 24. Rfd1 Bc7 25. Be3 Rb8 26. Bf3 Nf6 27.
b3 Be5 28. R4d3 Rfc8 29. b4 Nc4 30. Bxa7 Ra8 31. Bxa8 Rxa8 32. Rd8+ Rxd8 33.
Rxd8+ Kh7 34. a4 Ne4 35. b5 Nc3 36. b6 Nxb6 37. Bxb6 Nxa4 38. Bd4 1-0

[Event "XX C.to Mondiale Seniores"]
[Site "Arco ITA"]
[Date "2010.10.28"]
[Round "3"]
[White "Kaufman, Larry C."]
[Black "Gundersen, Helge"]
[WhiteElo "2413"]
[BlackElo "2230"]
[Result "0-1"]
[PlyCount "82"]
[EventDate "2010.10.26"]

1. d4 e6 2. e4 d5 3. Nd2 dxe4 4. Nxe4 Nd7 5. Nf3 Ngf6 6. Nxf6+ Nxf6 7. c3 Be7
8. Bd3 O-O 9. Qc2 h6 10. Qe2 b6 11. Bd2 Bb7 12. O-O-O c5 13. dxc5 Qc7 14. Ne5
Qxc5 15. Rhe1 Rad8 16. f4 Nd7 17. Ng6 Rfe8 18. Nxe7+ Qxe7 19. Bc2 Nc5 20. g4
Ba6 21. c4 Rd4 22. b3 Na4 23. b4 Rxc4 24. Qd3 Rxc2+ 25. Qxc2 Rc8 26. Qxc8+ Bxc8
27. g5 hxg5 28. fxg5 Ba6 29. Re3 Bc4 30. Kb1 Qxg5 31. Ra3 Qf5+ 32. Kc1 b5 33.
Be3 Qf6 34. Bd4 e5 35. Bxa7 Qe7 36. Bf2 Qxb4 37. Rd8+ Kh7 38. Rh3+ Kg6 39. Rg3+
Kf5 40. Rd2 Nc3 41. Kc2 Bxa2 0-1

[Event "XX C.to Mondiale Seniores"]
[Site "Arco ITA"]
[Date "2010.10.28"]
[Round "3"]
[White "Korenevski, Oleg"]
[Black "Trifoni, Giorgio"]
[WhiteElo "1930"]
[BlackElo "1691"]
[Result "1-0"]
[PlyCount "145"]
[EventDate "2010.10.26"]

1. d4 b6 2. c4 Bb7 3. Nc3 e6 4. a3 Ne7 5. Bg5 h6 6. Bh4 d6 7. e4 Nd7 8. Qa4 g5
9. Bg3 Bg7 10. O-O-O h5 11. h4 Ng6 12. Nf3 Bh6 13. Kb1 g4 14. Nd2 Bg7 15. c5
dxc5 16. Nb5 O-O 17. Bxc7 Qc8 18. Bd6 Rd8 19. Rc1 Bc6 20. Qb3 Bxb5 21. Bxb5
Bxd4 22. f3 Nf6 23. Bg3 Be5 24. Bxe5 Nxe5 25. Qc3 Ned7 26. Qe3 Kf8 27. Qh6+ Ke7
28. fxg4 Nxg4 29. Qxh5 Ndf6 30. Qg5 Qc7 31. h5 Qe5 32. Qxe5 Nxe5 33. Nf3 Nfg4
34. Nxe5 Nxe5 35. Be2 Rd2 36. Rc2 Rdd8 37. g4 Kf6 38. Bd1 Rd4 39. Rf2+ Kg5 40.
h6 f6 41. h7 Rh8 42. Rfh2 Kg6 43. Rh6+ Kg7 44. g5 fxg5 45. Rxe6 Ng6 46. Bh5 Nf4
47. Re7+ Kf6 48. Rxa7 Nxh5 49. Rxh5 Rxe4 50. Rh6+ Ke5 51. Rg7 Rh4 52. Rxg5+ Kf4
53. Rgh5 Rxh5 54. Rxh5 Ke4 55. Kc2 Kd4 56. Rh4+ Kd5 57. a4 Kc6 58. Kc3 Kb7 59.
Kc4 Ka6 60. Kd5 Ka5 61. Ke6 c4 62. Kf7 Kxa4 63. Rxc4+ Kb3 64. Rh4 b5 65. Kg7
Rc8 66. h8=Q Rc7+ 67. Kg6 Rc6+ 68. Kf5 Rc5+ 69. Ke6 b4 70. Kd6 Rc2 71. Qd4 Rxb2
72. Qxb4+ Ka2 73. Qa4+ 1-0

[Event "XX C.to Mondiale Seniores"]
[Site "Arco ITA"]
[Date "2010.10.28"]
[Round "3"]
[White "Kornath, Heinrich"]
[Black "Caramaschi, Vincenzo"]
[WhiteElo "1956"]
[BlackElo "1669"]
[Result "1-0"]
[PlyCount "53"]
[EventDate "2010.10.26"]

1. Nc3 d5 2. e4 c6 3. d4 dxe4 4. Nxe4 Bf5 5. Ng3 Bg6 6. Nf3 Nd7 7. h4 h6 8. Bc4
e6 9. Bf4 Nb6 10. Bb3 Bd6 11. Bxd6 Qxd6 12. Ne5 Bh7 13. Qf3 Qc7 14. Nh5 O-O-O
15. O-O-O Nf6 16. Nxg7 Nfd5 17. c4 Rhg8 18. cxd5 cxd5+ 19. Kd2 Rxg7 20. Rc1
Nc4+ 21. Nxc4 dxc4 22. Rxc4 Qxc4 23. Bxc4 Rxd4+ 24. Kc3 Be4 25. Qf6 Rxc4+ 26.
Kxc4 Bd5+ 27. Kc3 1-0